<?xml version="1.0" encoding="UTF-8"?>
<record
    xmlns:xsi="http://www.w3.org/2001/XMLSchema-instance"
    xsi:schemaLocation="http://www.loc.gov/MARC21/slim http://www.loc.gov/standards/marcxml/schema/MARC21slim.xsd"
    xmlns="http://www.loc.gov/MARC21/slim">

  <leader>00795nam a22001577a 4500</leader>
  <controlfield tag="003">OSt</controlfield>
  <controlfield tag="005">20151206101509.0</controlfield>
  <controlfield tag="008">151206b        xxu||||| |||| 00| 0 eng d</controlfield>
  <datafield tag="040" ind1=" " ind2=" ">
    <subfield code="c">RUA</subfield>
  </datafield>
  <datafield tag="082" ind1=" " ind2=" ">
    <subfield code="a">ATM &#x1784;&#x17C9;&#x17C4; 1989 B188 Or.1</subfield>
  </datafield>
  <datafield tag="100" ind1=" " ind2=" ">
    <subfield code="9">4380</subfield>
    <subfield code="a">&#x1784;&#x17C9;&#x17C4; &#x1794;&#x17CA;&#x17BB;&#x1793;&#x1790;&#x17B6;&#x1793;</subfield>
  </datafield>
  <datafield tag="245" ind1=" " ind2=" ">
    <subfield code="a">&#x1780;&#x17B6;&#x179A;&#x179A;&#x17C0;&#x1794;&#x1785;&#x17C6;&#x1787;&#x17BD;&#x179F;&#x1787;&#x17BB;&#x179B;&#x1793;&#x17B7;&#x1784;&#x1794;&#x1785;&#x17D2;&#x1785;&#x17C1;&#x1780;&#x1791;&#x17C1;&#x179F;&#x1790;&#x17C2;&#x1791;&#x17B6;&#x17C6;&#x178F;&#x17D2;&#x179A;&#x17B6;&#x1780;&#x17CB;&#x1791;&#x17D0;&#x179A;&#x179F;&#x17C6;&#x1797;&#x17B6;&#x179A;&#x17C8; &#x1794;&#x179A;&#x17B7;&#x1780;&#x17D2;&#x1781;&#x17B6; &#x1793;&#x17C5;&#x1780;&#x17D2;&#x1793;&#x17BB;&#x1784;&#x1781;&#x17C1;&#x178F;&#x17D2;&#x178F;&#x1794;&#x17B6;&#x178F;&#x17CB;&#x178A;&#x17C6;&#x1794;&#x1784; &#x1793;&#x17B7;&#x1784;&#x1780;&#x17B6;&#x179A;&#x178F;&#x17C6;&#x17A1;&#x17BE;&#x1784;&#x1798;&#x17C9;&#x17B6;&#x179F;&#x17CA;&#x17B8;&#x1793; &#x179F;&#x17C6;&#x179A;&#x17B6;&#x1794;&#x17CB;&#x179B;&#x17B6;&#x1784; &#x179A;&#x1793;&#x17D2;&#x1792;&#x1794;&#x17D2;&#x179A;&#x17C1;&#x1784;&#x1781;&#x17D2;&#x179C;&#x17C2;&#x1784; &#x179A;&#x1794;&#x179F;&#x17CB;&#x1797;&#x17D2;&#x179B;&#x17C5; &#x179C;&#x17B8;&#x17A1;&#x17BA;&#x1794;&#x17D2;&#x179A;&#x17BA;&#x1780;&#x17B6;&#x17C6;&#x1784;</subfield>
  </datafield>
  <datafield tag="260" ind1=" " ind2=" ">
    <subfield code="a">Phnom Penh</subfield>
    <subfield code="b">RUA</subfield>
    <subfield code="c">1989 </subfield>
  </datafield>
  <datafield tag="300" ind1=" " ind2=" ">
    <subfield code="a">117p.</subfield>
    <subfield code="b">ill.</subfield>
    <subfield code="c">29cm.</subfield>
  </datafield>
  <datafield tag="942" ind1=" " ind2=" ">
    <subfield code="2">ddc</subfield>
    <subfield code="c">ATM</subfield>
  </datafield>
  <datafield tag="999" ind1=" " ind2=" ">
    <subfield code="c">4083</subfield>
    <subfield code="d">4083</subfield>
  </datafield>
  <datafield tag="952" ind1=" " ind2=" ">
    <subfield code="0">0</subfield>
    <subfield code="1">0</subfield>
    <subfield code="2">ddc</subfield>
    <subfield code="4">0</subfield>
    <subfield code="6">ATM_&#x1784;&#x17C4;_1989_000000000000000_B188_OR_1</subfield>
    <subfield code="7">0</subfield>
    <subfield code="9">20698</subfield>
    <subfield code="a">LBB</subfield>
    <subfield code="b">LBB</subfield>
    <subfield code="c">B188</subfield>
    <subfield code="d">2015-12-06</subfield>
    <subfield code="o">ATM &#x1784;&#x17C9;&#x17C4; 1989 B188 Or.1</subfield>
    <subfield code="p">RUA007599</subfield>
    <subfield code="r">2015-12-06</subfield>
    <subfield code="w">2015-12-06</subfield>
    <subfield code="y">ATM</subfield>
  </datafield>
</record>
